1449 1691 1149 1296 1253 1363 1636 1989 1576 1631 1048 1621 1395 1793 1301 1526 1545 1302 1145 1048 1071 1885 1854 1863 1745 1270 1799 1010 1495 1722 1907 1546 1465 1147 1446 1009 1607 1223 1767 1890 1579 1303 1052 1571 1118 1343 1541 1478 1737 1617 1820 1699 1520 1888 1008 1797 1939 1965 1415 1537 1829 1559 1769 1376 1661 1688 1620 1909 1309 1425 1574 1906 1322 1502 1405 1270 1920 1604 1866 1194 1974 1007 1269 1733 1713 1897 1380 1799 1673 1440 1341 1311 1541 1950 1896 1933 1026 1462 1857 BCNSPRNW ULIB Ver.6.0+V

เปลี่ยนเป็นภาษาไทย

Change to English
 แสดงรายละเอียดบรรณานุกรม
  กลับหน้าหลัก

Brief Record : Get Marc (ISO 2709) : E-mail record : QR code < ปิดหน้าต่าง
LEADER : 00000nam 2200000uu 4500
001    13399127541
003     ULIB
008    210118s2562||||th 000 0 tha d
020    ^a9786164432598
060    ^aWB115^bว426ก
100    ^aวันชัย เคชสมฤทธิ์ฤทัย ปวีณา เชียวชาญวิศวกิจ เอกพันธ์ ครุพงศ์ วราลักษณ์ ศรีนนท์ประเสริฐ รัตนา ชวนะสุนทรพจน์ และอนุภพ จิตต์เมือง
245    ^aการรักษาต่อเนื่องทางอายุรศาสตร์ Longitudinal Care in Internal Medicine
250    ^aพิมพ์ครั้งที่ 2
260    ^aกรุงเทพฯ :^bภาควิชาอายุรศาสตร์ คณะแพทยศาสตร์ศิริราชพยาบาล,^c2562
300    ^a752 หน้า^bภาพประกอบ, ตาราง, ภาคผนวก
650    ^aอายุรศาสตร์
945    ^p0^l0^i28461
945    ^p0^l0^i28462
945    ^p0^l0^i28463
945    ^p0^l0^i28464
945    ^p0^l0^i28465
999    ^aกัณชพร จุลอักษร
รายการนี้ยังไม่มีแท็ก
คุณยังไม่ได้ล็อกอิน คุณสามารถมีกิจกรรมร่วมกับเว็บไซต์ได้ แต่ต้องล็อกอินก่อน ::
  ล็อกอิน

รายการสื่อสารสนเทศ

ลำดับที่ ประเภท เลขเรียก/บาร์โค้ด สถานที่ สถานะ
1. หนังสือสำรอง
หนังสือสำรอง
WB115 ว426ก ฉ.1 
  Barcode: 28461
ห้องสมุดวิทยาเขตนครสวรรค์
►หนังสือทั่วไป:l:General Books
บนชั้น
2. วิทยาศาสตร์การแพทย์ และสุขภาพ
วิทยาศาสตร์การแพทย์ และสุขภาพ
WB115 ว426ก ฉ.2 
  Barcode: 28462
ห้องสมุดวิทยาเขตนครสวรรค์
►หนังสือทั่วไป:l:General Books
บนชั้น
3. วิทยาศาสตร์การแพทย์ และสุขภาพ
วิทยาศาสตร์การแพทย์ และสุขภาพ
WB115 ว426ก ฉ.3 
  Barcode: 28463
ห้องสมุดวิทยาเขตนครสวรรค์
►หนังสือทั่วไป:l:General Books
บนชั้น
4. วิทยาศาสตร์การแพทย์ และสุขภาพ
วิทยาศาสตร์การแพทย์ และสุขภาพ
WB115 ว426ก ฉ.4 
  Barcode: 28464
ห้องสมุดวิทยาเขตนครสวรรค์
►หนังสือทั่วไป:l:General Books
บนชั้น
5. วิทยาศาสตร์การแพทย์ และสุขภาพ
วิทยาศาสตร์การแพทย์ และสุขภาพ
WB115 ว426ก ฉ.5 
  Barcode: 28465
ห้องสมุดวิทยาเขตนครสวรรค์
►หนังสือทั่วไป:l:General Books
บนชั้น

รายการใกล้เคียง
    ชื่อเรื่อง [การรักษาต่อเนื่องทางอายุรศาสตร์ Longitudinal Care in Internal Medicine]

    ผู้แต่ง [วันชัย เคชสมฤทธิ์ฤทัย ปวีณา เชียวชาญวิศวกิจ เอกพันธ์ ครุพงศ์ วราลักษณ์ ศรีนนท์ประเสริฐ รัตนา ชวนะสุนทรพจน์ และอนุภพ จิตต์เมือง]

    หัวเรื่อง [อายุรศาสตร์]

BibComment


ยังไม่เคยถูกคอมเมนท์

คอมเมนท์ทรัพยากรรายการนี้
  คอมเมนท์: การรักษาต่อเนื่อ..


 Copyright 2026. Bcnsprnw @Library